000 00890cam a2200301 4500
008 090401t xxu||||| |||| 00| 0 eng d
020 _a0863421369
035 _a(Sirsi) u11469
041 _aeng
050 _a711.40693
100 _aThomas, Huw
245 _aEthnic minorities and the planning system: a case study.
260 _aOxford
_bOxford Brookes University
_c1994?
300 _a22p. ; 30cm.
350 _a3.5
490 _aWorking Paper
_v140
520 _aCase study undertaken as part of a study commissioned by the Royal Town Planning Institute (RTPI) in 1991/1992.
650 _aCARDIFF
650 _aETHNIC MINORITIES
650 _aLOCAL PLANNING
650 _aROYAL TOWN PLANNING INSTITUTE
650 _aRTPI
650 _aWALES
690 _aPLANNING LAW AND PRACTICE
710 _aOxford Brookes University
_9281
942 _n0
948 _c04/03/1997
999 _c86870
_d86870